000 01166nmc a2200421 a 4500
003 AR-BaBNM
005 20251128203107.0
008 063119s1969 ||||||||||||||000 | spa||
040 _cAR-BaBNM
245 1 0 _aLa cuestión de los intelectuales
260 _aBuenos Aires
_bRodolfo Alonso
_c1969
300 0 _a157 p.
490 0 _aArgumentos
500 0 _aContiene en p. 91 el primer "Manifiesto de los intelectuales"año 1898
600 1 4 _aGuée, Daniel
600 1 4 _aElthen, Paul
600 1 4 _aLapassade, Georges
600 1 4 _aMazzola, Michel
600 1 4 _aHeidegger, Martin
600 1 4 _aMorin, Edgar
600 1 4 _aBarthes, Roland
_d1915-1980
600 1 4 _aDuvignaud, Jean
600 1 4 _aFougeyrollas, Pierre
600 1 4 _aCazes, Bernard
600 1 4 _aGroethuysen, Bernard
650 4 _aSOCIOLOGIA CULTURAL
650 4 _aINTELECTUALES
650 4 _aINTELLIGENTSIA
650 4 _aCAMBIO CULTURAL
650 4 _aHISTORIA DE LAS IDEAS
650 4 _aCULTURA
653 0 _aCRITICA SOCIAL
653 0 _aCRITICA CULTURAL
700 1 _aAguirre, Raúl Gustavo
_etraductor
800 1 _aMorin, Edgar
942 _cBK
998 _cBertuna
999 _c1856
_d1856